CNC technology and programming (Record no. 9876)

MARC details
000 -LEADER
fixed length control field 00449nam a2200205Ia 4500
001 - CONTROL NUMBER
control field 093095
003 - CONTROL NUMBER IDENTIFIER
control field YMCAF
005 - DATE AND TIME OF LATEST TRANSACTION
control field 20230512161859.0
008 - FIXED-LENGTH DATA ELEMENTS--GENERAL INFORMATION
fixed length control field 100717s9999 ||||||||||||||||| ||und|d
024 ## - OTHER STANDARD IDENTIFIER
Standard number or code 93095
035 ## - SYSTEM CONTROL NUMBER
System control number 32553
040 ## - CATALOGING SOURCE
Original cataloging agency YMCAF
Language of cataloging eng
Transcribing agency IN-KoLT
041 ## - LANGUAGE CODE
Language code of text/sound track or separate title eng
082 ## - DEWEY DECIMAL CLASSIFICATION NUMBER
Classification number 621.902
Item number 3 RAJ
100 ## - MAIN ENTRY--PERSONAL NAME
Personal name Raj, Tilak
245 #0 - TITLE STATEMENT
Title CNC technology and programming
260 ## - PUBLICATION, DISTRIBUTION, ETC.
Name of publisher, distributor, etc. Dhanpat Rai
300 ## - PHYSICAL DESCRIPTION
Extent 419
942 ## - ADDED ENTRY ELEMENTS (KOHA)
Source of classification or shelving scheme Dewey Decimal Classification
Koha item type Books
Holdings
Withdrawn status Lost status Damaged status Not for loan Home library Current library Date acquired Cost, normal purchase price Total Checkouts Barcode Date last seen Cost, replacement price Price effective from Koha item type Public note G Date last checked out Total Renewals Date due
        JC Bose University of Science & Technology JC Bose University of Science & Technology 17/07/2010 175.00   32566 12/05/2023 175.00 12/05/2023 Books C NI36      
        JC Bose University of Science & Technology JC Bose University of Science & Technology 17/07/2010 175.00   32553 12/05/2023 175.00 12/05/2023 Books C NI36      
        JC Bose University of Science & Technology JC Bose University of Science & Technology 17/07/2010 175.00 1 32554 04/03/2025 175.00 12/05/2023 Books C NI36 28/02/2025    
        JC Bose University of Science & Technology JC Bose University of Science & Technology 17/07/2010 175.00   32555 12/05/2023 175.00 12/05/2023 Books C NI36      
        JC Bose University of Science & Technology JC Bose University of Science & Technology 17/07/2010 175.00   32556 12/05/2023 175.00 12/05/2023 Books C NI36      
        JC Bose University of Science & Technology JC Bose University of Science & Technology 17/07/2010 175.00   32557 12/05/2023 175.00 12/05/2023 Books C NI36      
        JC Bose University of Science & Technology JC Bose University of Science & Technology 17/07/2010 175.00 4 32558 06/05/2025 175.00 12/05/2023 Books C NI36 22/04/2025 1  
        JC Bose University of Science & Technology JC Bose University of Science & Technology 17/07/2010 175.00 1 32559 08/08/2024 175.00 12/05/2023 Books C NI36 08/08/2024   06/11/2024
        JC Bose University of Science & Technology JC Bose University of Science & Technology 17/07/2010 175.00   32560 12/05/2023 175.00 12/05/2023 Books C NI36      
        JC Bose University of Science & Technology JC Bose University of Science & Technology 17/07/2010 175.00   32561 12/05/2023 175.00 12/05/2023 Books C NI36      
        JC Bose University of Science & Technology JC Bose University of Science & Technology 17/07/2010 175.00 1 32562 05/12/2023 175.00 12/05/2023 Books C NI36 09/11/2023 1  
        JC Bose University of Science & Technology JC Bose University of Science & Technology 17/07/2010 175.00 3 32563 09/12/2024 175.00 12/05/2023 Books C NI36 21/11/2024 1  
        JC Bose University of Science & Technology JC Bose University of Science & Technology 17/07/2010 175.00   32564 12/05/2023 175.00 12/05/2023 Books C NI36      
        JC Bose University of Science & Technology JC Bose University of Science & Technology 17/07/2010 175.00   32565 12/05/2023 175.00 12/05/2023 Books C NI36